[Event "ch-RUS Rapid"]
[Site "Olginka RUS"]
[Date "2011.04.25"]
[Round "3"]
[White "Tregubov, Pavel V."]
[Black "Alekseev, Evgeny"]
[Result "1-0"]
[WhiteTitle "GM"]
[BlackTitle "GM"]
[WhiteElo "2598"]
[BlackElo "2688"]
[WhiteFideId "4115341"]
[BlackFideId "4138147"]
[EventDate "2011.04.25"]

1. d4 Nf6 2. c4 e6 3. Nf3 b6 4. g3 Bb7 5. Bg2 Be7 6. O-O O-O 7. Re1 Qc8 8. Bg5
h6 9. Bxf6 Bxf6 10. e4 d6 11. Nc3 Nd7 12. e5 dxe5 13. dxe5 Be7 14. Nd4 Rd8 15.
Qg4 Bxg2 16. Kxg2 Qb7+ 17. Kg1 Nf8 18. Qe4 Qxe4 19. Rxe4 Bc5 20. Nc6 Rd3 21.
Ree1 Rd2 22. Re2 Rd3 23. Ne4 Nd7 24. Ree1 Nb8 25. Nxc5 bxc5 26. Na5 Na6 27. Rad1
Rad8 28. Rxd3 Rxd3 29. Nb3 Kf8 30. Kf1 Rd8 31. Ke2 Rb8 32. Kd2 Ke7 33. Kc3 f6
34. a3 fxe5 35. Rxe5 Kd6 36. Rh5 Rf8 37. f4 Rf5 38. Rh4 Nb8 39. Nd2 Nd7 40. Rg4
Rf7 41. Ne4+ Ke7 42. Kd3 e5 43. Ke3 Nf6 44. Nxf6 Kxf6 45. Ke4 g5 46. fxg5+ hxg5
47. h4 gxh4 48. Rxh4 Rg7 49. Rh6+ Ke7 50. Kxe5 Rxg3 51. Rh7+ Kd8 52. Kd5 Rb3 53.
Rh2 Kc8 54. Kxc5 Kb7 55. Kd4 a6 56. c5 Rg3 57. Re2 Rb3 58. Kc4 Rg3 59. Kb4 Rf3
60. Ka4 Rg3 61. Re6 Rf3 62. Re4 Rf6 63. Ka5 Rg6 64. b4 Rg3 65. a4 Rg6 66. Re7
Rf6 67. b5 axb5 68. axb5 Rf1 69. b6 1-0

[Event "ch-RUS Rapid"]
[Site "Olginka RUS"]
[Date "2011.04.25"]
[Round "3"]
[White "Inarkiev, Ernesto"]
[Black "Kokarev, Dmitry"]
[Result "1-0"]
[WhiteTitle "GM"]
[BlackTitle "GM"]
[WhiteElo "2674"]
[BlackElo "2576"]
[WhiteFideId "4162722"]
[BlackFideId "4132181"]
[EventDate "2011.04.25"]

1. e4 c5 2. Nf3 d6 3. d4 cxd4 4. Nxd4 Nf6 5. Nc3 a6 6. Be3 e5 7. Nf3 Qc7 8. a4
Be7 9. Be2 O-O 10. O-O h6 11. a5 Be6 12. Nd5 Nxd5 13. exd5 Bf5 14. c4 Nd7 15. b4
Bh7 16. Nd2 Bg5 17. Qb3 Bxe3 18. Qxe3 f5 19. Rfc1 f4 20. Qh3 e4 21. c5 Rae8 22.
cxd6 Qxd6 23. Nc4 Qe7 24. d6 Qd8 25. Bg4 Nf6 26. d7 Re7 27. Be6+ Kh8 28. Nb6
Nxd7 29. Nxd7 Rfe8 30. Ne5 Qd4 31. Nf7+ Kg8 32. Nxh6+ Kf8 33. Nf5 1-0

[Event "ch-RUS Rapid"]
[Site "Olginka RUS"]
[Date "2011.04.25"]
[Round "3"]
[White "Papin, Vasily"]
[Black "Zvjaginsev, Vadim"]
[Result "1/2-1/2"]
[WhiteTitle "GM"]
[BlackTitle "GM"]
[WhiteElo "2569"]
[BlackElo "2663"]
[WhiteFideId "4143183"]
[BlackFideId "4113403"]
[EventDate "2011.04.25"]

1. d4 c5 2. Nf3 cxd4 3. Nxd4 d5 4. g3 e5 5. Nb3 h6 6. Bg2 Nf6 7. O-O Be7 8. c4
d4 9. e3 Nc6 10. exd4 exd4 11. N1d2 O-O 12. Nf3 d3 13. Be3 Bg4 14. h3 Bh5 15.
Rc1 Rc8 16. Rc3 Bg6 17. Nc1 Qd7 18. a3 Rfd8 19. b4 Be4 20. Nb3 b6 21. Nbd2 Bh7
22. Re1 Ne4 23. Rb3 Bf6 24. Nxe4 Bxe4 25. c5 b5 26. Bf4 Qd5 27. Bd6 Nd4 28. Rxd3
Nxf3+ 29. Rxf3 Qxd1 30. Rxd1 Bxf3 31. Bxf3 Bb2 32. Rb1 Bxa3 33. Bb7 a5 34. Bxc8
Rxc8 35. bxa5 Bxc5 36. Bxc5 Rxc5 37. a6 Rc6 38. Ra1 Rc8 39. Kf1 Kf8 40. Rb1 Ra8
41. Rxb5 1/2-1/2

[Event "ch-RUS Rapid"]
[Site "Olginka RUS"]
[Date "2011.04.25"]
[Round "3"]
[White "Khismatullin, Denis"]
[Black "Kryakvin, Dmitry"]
[Result "1-0"]
[WhiteTitle "GM"]
[BlackTitle "GM"]
[WhiteElo "2662"]
[BlackElo "2573"]
[WhiteFideId "4142578"]
[BlackFideId "4153278"]
[EventDate "2011.04.25"]

1. d4 Nf6 2. c4 g6 3. Nc3 Bg7 4. Nf3 O-O 5. Bf4 d6 6. e3 c5 7. d5 b5 8. cxb5 a6
9. Nd2 Nbd7 10. bxa6 Nb6 11. e4 Nfd7 12. Bb5 Bxa6 13. Bxa6 Rxa6 14. O-O Qa8 15.
Bg5 Re8 16. Qc2 Ne5 17. a4 h6 18. Be3 Nbc4 19. Nxc4 Nxc4 20. Bf4 Qb7 21. b3 g5
22. Bc1 Na5 23. Rb1 c4 24. b4 Nb3 25. b5 Raa8 26. Be3 Be5 27. f4 gxf4 28. Bxf4
Qb6+ 29. Kh1 Qd4 30. Bxe5 Qxe5 31. Rbe1 Nc5 32. Re3 f6 33. Rh3 Kf7 34. Qe2 Nd3
35. Rf5 Nf4 36. Qf1 1-0

[Event "ch-RUS Rapid"]
[Site "0:15:00"]
[Date "2011.04.25"]
[Round "3"]
[White "Sjugirov, Sanan"]
[Black "Levin, Evgeny A."]
[Result "0-1"]
[WhiteTitle "GM"]
[BlackTitle "GM"]
[WhiteElo "2643"]
[BlackElo "2472"]
[WhiteFideId "4189302"]
[BlackFideId "4182596"]
[EventDate "2011.04.25"]

1. e4 e6 2. d4 d5 3. Nd2 Nf6 4. e5 Nfd7 5. f4 c5 6. Ngf3 Nc6 7. Nb3 c4 8. Nbd2
b5 9. Be2 Qb6 10. Nf1 a5 11. Ne3 g6 12. O-O Ba6 13. c3 Be7 14. Bd2 b4 15. Kh1
Bb7 16. Qa4 Qc7 17. Rab1 Nb6 18. Qd1 a4 19. cxb4 Nxb4 20. a3 Nc6 21. Qe1 Nd7 22.
Bc3 Nb6 23. Kg1 O-O-O 24. Bd1 Ba6 25. Bc2 Kb7 26. Rf2 Bb5 27. Bd2 Ra8 28. Nd1
Qd7 29. Nc3 Na7 30. Na2 Nc6 31. Nc3 Na7 32. Ng5 Raf8 33. Qd1 h6 34. Nf3 Ra8 35.
Qe1 Rhg8 36. Na2 Nc6 37. Nb4 Nb8 38. Kh1 Na6 39. Nxa6 Rxa6 40. Bb4 Bd8 41. g4
Ra8 42. f5 gxf5 43. gxf5 Be7 44. Qd2 Bxb4 45. Qxb4 Ka6 46. Qd2 Rac8 47. Qc3 Rg4
48. Rg1 Rxg1+ 49. Nxg1 Qe7 50. f6 Qf8 51. Rg2 Qd8 52. Rg7 Be8 53. Ne2 Rb8 54.
Nc1 Na8 55. Na2 Nc7 56. Nb4+ Kb7 57. Qd2 Na6 58. Bg6 Nxb4 59. Bxf7 Ka6 60. axb4
Bxf7 61. Rxf7 Qe8 62. Re7 Qg6 63. Rg7 Qe4+ 64. Kg1 Qb1+ 65. Kf2 Qf5+ 66. Kg3 h5
67. h3 h4+ 68. Kh2 Kb5 69. Rg5 Qf3 70. Rg7 Qf5 71. Rg4 Qf3 72. Rg5 Qd3 73. Qf2
a3 74. bxa3 c3 75. Rg1 c2 76. f7 Rf8 77. Qf1 Qxf1 78. Rxf1 Kc4 79. b5 Kb3 80. b6
Rxf7 81. Rxf7 c1=Q 82. b7 Qd2+ 83. Kh1 Qe1+ 84. Kg2 Qg3+ 85. Kf1 Qxh3+ 86. Ke2
Qg2+ 87. Rf2 Qe4+ 88. Kf1 Qb1+ 89. Kg2 Kxa3 90. Rf7 Ka4 91. Kh3 Qb2 92. Kg4 Ka5
93. Kg5 h3 94. Rh7 Ka6 95. Kf6 Qxb7 96. Rxh3 Qb4 97. Rh4 Qe1 98. Rh8 Qf2+ 99.
Kxe6 Qxd4 100. Rd8 Qg4+ 101. Kd6 d4 102. e6 Qf4+ 103. Kc6 Qe4+ 104. Kc5 d3 105.
Rd7 Qe5+ 106. Kb4 d2 107. e7 Qb5+ 0-1

[Event "ch-RUS Rapid"]
[Site "Olginka RUS"]
[Date "2011.04.25"]
[Round "3"]
[White "Gabrielian, Artur"]
[Black "Kurnosov, Igor"]
[Result "0-1"]
[WhiteTitle "GM"]
[BlackTitle "GM"]
[WhiteElo "2532"]
[BlackElo "2653"]
[WhiteFideId "4131002"]
[BlackFideId "4142527"]
[EventDate "2011.04.25"]

1. e4 c5 2. Nf3 d6 3. d4 cxd4 4. Nxd4 Nf6 5. Nc3 e6 6. Be2 Be7 7. O-O O-O 8. Kh1
Nc6 9. Be3 a6 10. a4 Qc7 11. f4 Na5 12. Bf3 Nc4 13. Bc1 Rd8 14. Qe1 e5 15. Nf5
Bxf5 16. exf5 d5 17. fxe5 Qxe5 18. Qxe5 Nxe5 19. Ne2 Nxf3 20. Rxf3 d4 21. Bd2
Rac8 22. Rc1 Ne4 23. Bf4 Bf6 24. b3 Rd5 25. g4 h5 26. h3 hxg4 27. hxg4 Rdc5 28.
Ng3 Rxc2 29. Rxc2 Nxg3+ 30. Rxg3 Rxc2 31. g5 Bd8 32. Rd3 Bb6 33. Kg1 Rc5 34. f6
Rc3 35. Rd1 Rf3 36. Bc1 Rxb3 0-1

[Event "ch-RUS Rapid"]
[Site "Olginka RUS"]
[Date "2011.04.25"]
[Round "4"]
[White "Inarkiev, Ernesto"]
[Black "Nepomniachtchi, Ian"]
[Result "1/2-1/2"]
[WhiteTitle "GM"]
[BlackTitle "GM"]
[WhiteElo "2674"]
[BlackElo "2729"]
[WhiteFideId "4162722"]
[BlackFideId "4168119"]
[EventDate "2011.04.25"]

1. d4 Nf6 2. c4 g6 3. g3 Bg7 4. Bg2 d5 5. cxd5 Nxd5 6. e4 Nb6 7. Ne2 c5 8. d5 e6
9. O-O exd5 10. exd5 O-O 11. Nec3 Nc4 12. Nd2 Nxd2 13. Bxd2 Bf5 14. Qb3 Qd7 15.
Bf4 Bd3 16. Rfe1 c4 17. Qa3 Re8 18. Rxe8+ Qxe8 19. Qb4 Qd7 20. Re1 Bf8 21. Qb5
Qxb5 22. Nxb5 Nd7 23. d6 Rb8 24. Nc7 g5 25. Bxg5 Bxd6 26. Nd5 Kg7 27. Bf4 Bxf4
28. Nxf4 Bf5 29. Bd5 Nb6 30. Bf3 Kf8 31. g4 Bd7 32. b3 cxb3 33. axb3 Bc6 1/2-1/2

[Event "ch-RUS Rapid"]
[Site "0:15:00"]
[Date "2011.04.25"]
[Round "4"]
[White "Levin, Evgeny A."]
[Black "Tomashevsky, Evgeny"]
[Result "0-1"]
[WhiteTitle "GM"]
[BlackTitle "GM"]
[WhiteElo "2472"]
[BlackElo "2707"]
[WhiteFideId "4182596"]
[BlackFideId "4147235"]
[EventDate "2011.04.25"]

1. d4 Nf6 2. c4 e6 3. Nf3 d5 4. e3 Be7 5. b3 O-O 6. Bb2 c5 7. Nbd2 cxd4 8. exd4
b6 9. Bd3 Bb7 10. O-O Nbd7 11. Qe2 Re8 12. Rac1 Rc8 13. Rfd1 Nf8 14. Ne5 Ng6 15.
Nxg6 hxg6 16. Nf3 Bd6 17. Ne5 Qe7 18. Rc2 Red8 19. Qe3 Rc7 20. Rdc1 Rdc8 21. Qh3
dxc4 22. bxc4 Be4 23. Bxe4 Nxe4 24. Qe3 Bxe5 25. Qxe4 Bf6 26. Qe3 Rc6 27. g3 Qc7
28. Qb3 Bg5 29. f4 Bf6 30. h4 Qb7 31. Kh2 Qa6 32. a4 Qb7 33. Rd1 R6c7 34. Qd3
Qa6 35. Rdc1 Qxa4 36. Kh3 Qa5 37. g4 Qa4 38. Kg3 Be7 39. Ra1 Qd7 40. Rd1 a5 41.
Ba1 a4 42. Rb1 Rc6 43. Rb5 Qc7 44. Kf3 Rxc4 45. Rxc4 Qxc4 46. Qxc4 Rxc4 47. Rxb6
Rc1 48. Rb8+ Bf8 49. Bb2 Rb1 50. Ke4 a3 51. Rxf8+ Kxf8 52. Bxa3+ Ke8 53. g5 Rh1
54. Bd6 f6 55. d5 Re1+ 56. Kd4 0-1

[Event "ch-RUS Rapid"]
[Site "Olginka RUS"]
[Date "2011.04.25"]
[Round "4"]
[White "Riazantsev, Alexander"]
[Black "Tregubov, Pavel V."]
[Result "1/2-1/2"]
[WhiteTitle "GM"]
[BlackTitle "GM"]
[WhiteElo "2679"]
[BlackElo "2598"]
[WhiteFideId "4125029"]
[BlackFideId "4115341"]
[EventDate "2011.04.25"]

1. d4 Nf6 2. c4 c5 3. d5 b5 4. cxb5 a6 5. e3 axb5 6. Bxb5 Qa5+ 7. Nc3 Bb7 8. Bd2
Qb6 9. Nf3 Nxd5 10. Nxd5 Bxd5 11. a4 e6 12. Bc3 Be7 13. Ne5 O-O 14. O-O d6 15.
Nc4 Bxc4 16. Qg4 g6 17. Qxc4 Nc6 18. e4 Na7 19. b4 Rac8 20. Ba6 cxb4 21. Bxc8
bxc3 22. Bd7 Qb7 23. Bb5 Rc8 24. Qd3 Nxb5 25. axb5 d5 26. e5 Rc4 27. Rab1 Ba3
28. Qc2 Qb6 29. Rb3 Bb2 30. g3 1/2-1/2

[Event "ch-RUS Rapid"]
[Site "Olginka RUS"]
[Date "2011.04.25"]
[Round "4"]
[White "Popov, Ivan RUS"]
[Black "Andreikin, Dmitry"]
[Result "1/2-1/2"]
[WhiteTitle "GM"]
[BlackTitle "GM"]
[WhiteElo "2613"]
[BlackElo "2686"]
[WhiteFideId "4170350"]
[BlackFideId "4158814"]
[EventDate "2011.04.25"]

1. e4 c5 2. Nf3 e6 3. d4 cxd4 4. Nxd4 a6 5. c4 Nf6 6. Nc3 Bb4 7. Qd3 d5 8. exd5
exd5 9. Be2 O-O 10. O-O Re8 11. Nxd5 Nxd5 12. cxd5 Qxd5 13. Bf3 Qd6 14. Be3 Nd7
15. Qb3 Ne5 16. Bd5 Rd8 17. Rad1 Bg4 18. Nf3 Qe7 19. Bb6 Nxf3+ 20. gxf3 Rxd5 21.
Qxd5 Bh3 22. a3 Qf6 23. Bd8 Qg6+ 24. Qg5 Bxf1 25. Qxg6 hxg6 1/2-1/2

[Event "ch-RUS Rapid"]
[Site "Olginka RUS"]
[Date "2011.04.25"]
[Round "4"]
[White "Danin, Alexandre"]
[Black "Rublevsky, Sergei"]
[Result "0-1"]
[WhiteTitle "IM"]
[BlackTitle "GM"]
[WhiteElo "2543"]
[BlackElo "2678"]
[WhiteFideId "4144031"]
[BlackFideId "4115309"]
[EventDate "2011.04.25"]

1. e4 c5 2. Nf3 e6 3. d4 cxd4 4. Nxd4 a6 5. Nc3 Qc7 6. Be2 Nf6 7. O-O Be7 8. f4
d6 9. Be3 O-O 10. Bf3 Nc6 11. Nxc6 bxc6 12. Na4 Rb8 13. c4 c5 14. Qc2 Bb7 15.
Nc3 Nd7 16. Rad1 Rbd8 17. Kh1 Nb8 18. Qf2 Nc6 19. b3 Rfe8 20. Bh5 Nd4 21. f5
exf5 22. exf5 Bf6 23. Qg3 Qe7 24. Bd2 Qd7 25. Bg4 Re7 26. Bf4 Qe8 27. Rd3 Be5
28. Bh3 f6 29. Bg4 h5 30. Bh3 Bxf4 31. Qxf4 Re1 32. Rd1 Rxd1 33. Rxd1 Qe5 34.
Qf2 Re8 35. Kg1 Qe3 36. Qxe3 Rxe3 37. Nb1 Be4 38. Nd2 Rd3 39. Re1 Rxd2 40. Rxe4
Rxa2 41. Re8+ Kh7 42. Rb8 Rb2 43. Rb6 a5 44. Rxd6 Nxb3 45. Ra6 Rc2 46. g3 Rxc4
47. Bg2 Rc1+ 48. Kf2 Rc2+ 49. Kg1 Rd2 50. Bf1 Nd4 51. Bc4 Nf3+ 52. Kf1 Nxh2+ 53.
Ke1 Nf3+ 54. Kf1 Ne5 55. Be2 c4 56. Kf2 c3 57. Ke3 Ra2 58. Ra8 a4 59. Rc8 c2 60.
Bxh5 a3 61. g4 Rb2 62. g5 a2 63. Bf7 fxg5 64. Bg8+ Kh6 65. Bxa2 g4 66. Kd4 Kh5 0-1

[Event "ch-RUS Rapid"]
[Site "Olginka RUS"]
[Date "2011.04.25"]
[Round "4"]
[White "Zvjaginsev, Vadim"]
[Black "Savchenko, Boris"]
[Result "1/2-1/2"]
[WhiteTitle "GM"]
[BlackTitle "GM"]
[WhiteElo "2663"]
[BlackElo "2616"]
[WhiteFideId "4113403"]
[BlackFideId "4147332"]
[EventDate "2011.04.25"]

1. e4 c5 2. Nf3 e6 3. c4 Nf6 4. Nc3 Nc6 5. Be2 e5 6. O-O d6 7. d3 g6 8. a3 a5 9.
Nd5 Bg7 10. Bd2 O-O 11. Bg5 Be6 12. Qd2 a4 13. Rab1 Na5 14. Bd1 Bxd5 15. exd5 e4
16. dxe4 Nxe4 17. Bxd8 Nxd2 18. Nxd2 Rfxd8 19. Bxa4 Nxc4 20. Nxc4 Rxa4 21. b3
Ra6 22. a4 Bc3 23. Rfc1 Bb4 24. Kf1 Re8 25. f3 Kf8 26. Rc2 Rb8 27. Ke2 b5 28.
axb5 Rxb5 29. Kd3 Rb7 30. Re2 Re7 31. Rbb2 Ra1 32. Rxe7 Kxe7 33. Re2+ Kd7 34.
Nb6+ Kc7 35. Nc4 Kd7 36. Nb6+ Kd8 37. Kc2 Ra2+ 38. Kd3 Ra6 39. Na4 Ra7 40. Kc4
Rb7 41. Nb2 Ba5 42. Nd3 Kd7 43. Ra2 Bd8 44. Ra8 h5 45. h3 h4 46. Ra6 Bg5 47. Ra8
Bd2 48. Ra2 Bg5 49. Ra8 Bd2 1/2-1/2

[Event "ch-RUS Rapid"]
[Site "0:15:00"]
[Date "2011.04.25"]
[Round "4"]
[White "Kurnosov, Igor"]
[Black "Papin, Vasily"]
[Result "0-1"]
[WhiteTitle "GM"]
[BlackTitle "GM"]
[WhiteElo "2653"]
[BlackElo "2569"]
[WhiteFideId "4142527"]
[BlackFideId "4143183"]
[EventDate "2011.04.25"]

1. e4 c5 2. Nf3 a6 3. c3 d5 4. exd5 Qxd5 5. d4 Nf6 6. Be3 cxd4 7. cxd4 e6 8. Nc3
Qd6 9. Ne5 Nbd7 10. Bf4 Nxe5 11. dxe5 Qb4 12. Qf3 Nd7 13. O-O-O Qc5 14. Qe4 Be7
15. Bd3 Rb8 16. Kb1 b5 17. Rc1 Bb7 18. Qe2 Qb6 19. Ne4 Bd5 20. Qg4 g6 21. Nf6+
Bxf6 22. exf6 e5 23. Bg5 Be6 24. Qb4 Qd8 25. Rc6 Nxf6 26. Rd1 Nd5 27. Qh4 Qd7
28. Rxa6 O-O 29. Bc2 Rbc8 30. Bh6 Rfd8 31. Bb3 Bf5+ 32. Ka1 Ne3 33. Qxd8+ 0-1

[Event "ch-RUS Rapid"]
[Site "Olginka RUS"]
[Date "2011.04.25"]
[Round "4"]
[White "Maletin, Pavel"]
[Black "Khairullin, Ildar"]
[Result "1/2-1/2"]
[WhiteTitle "GM"]
[BlackTitle "GM"]
[WhiteElo "2584"]
[BlackElo "2634"]
[WhiteFideId "4146786"]
[BlackFideId "4151348"]
[EventDate "2011.04.25"]

1. d4 f5 2. g3 Nf6 3. Bg2 g6 4. Nf3 Bg7 5. c4 O-O 6. Nc3 d6 7. O-O Nc6 8. d5 Na5
9. Qa4 c5 10. dxc6 Nxc6 11. Rd1 Kh8 12. Bd2 Bd7 13. Rac1 Ne4 14. Qa3 Nxd2 15.
Rxd2 Rc8 16. c5 Na5 17. cxd6 e5 18. Rdd1 Nc4 19. Qb3 e4 20. Nd4 Nxd6 21. Ne6
Bxe6 22. Qxe6 Rc6 23. Na4 Re8 24. Qd5 Rxc1 1/2-1/2

[Event "ch-RUS Rapid"]
[Site "Olginka RUS"]
[Date "2011.04.25"]
[Round "4"]
[White "Matlakov, Maxim"]
[Black "Vorobiov, Evgeny E."]
[Result "1/2-1/2"]
[WhiteTitle "GM"]
[BlackTitle "GM"]
[WhiteElo "2625"]
[BlackElo "2558"]
[WhiteFideId "4168003"]
[BlackFideId "4121341"]
[EventDate "2011.04.25"]

1. c4 e5 2. Nc3 d6 3. Nf3 Nf6 4. d4 Nbd7 5. g3 g6 6. Bg2 Bg7 7. O-O O-O 8. Qc2
exd4 9. Nxd4 Nb6 10. Rd1 Nxc4 11. Ncb5 d5 12. b3 a6 13. bxc4 axb5 14. cxb5 Bd7
15. a4 Ne4 16. Bf4 c6 17. bxc6 bxc6 18. Rac1 Qb6 19. Bxe4 Bxd4 20. e3 Bg7 21.
Bg2 Qa6 22. e4 Bg4 23. Rd2 Qxa4 1/2-1/2

[Event "ch-RUS Rapid"]
[Site "Olginka RUS"]
[Date "2011.04.25"]
[Round "4"]
[White "Nakhapetiane, Pogos"]
[Black "Romanov, Evgeny"]
[Result "1-0"]
[WhiteTitle "FM"]
[BlackTitle "GM"]
[WhiteElo "2495"]
[BlackElo "2624"]
[WhiteFideId "4166728"]
[BlackFideId "4148843"]
[EventDate "2011.04.25"]

1. e4 d5 2. exd5 Qxd5 3. Nc3 Qa5 4. d4 c6 5. Nf3 Bf5 6. Bc4 e6 7. Bd2 Nd7 8. Qe2
Ngf6 9. O-O Qc7 10. Rfe1 Be7 11. Bb3 O-O 12. h3 Rfe8 13. a4 Rad8 14. a5 a6 15.
Nh4 Bg6 16. Nxg6 hxg6 17. Qf3 Bd6 18. Bg5 Bb4 19. Bf4 Bd6 20. Bg5 Bb4 21. Bf4 e5
22. Bg3 Bxa5 23. dxe5 Nxe5 24. Qe2 Bxc3 25. bxc3 Nfd7 26. f4 Nc5 27. fxe5 Nxb3
28. cxb3 Qb6+ 29. Qf2 Qxb3 30. Rab1 Qxc3 31. Rxb7 Rf8 32. Kh2 Rd2 33. Re2 Rd1
34. e6 fxe6 35. Qe3 Qxe3 36. Rxe3 Rf7 37. Rb6 Ra7 38. Rxc6 a5 39. Rexe6 a4 40.
Ra6 Rdd7 41. Bf2 1-0

[Event "ch-RUS Rapid"]
[Site "Olginka RUS"]
[Date "2011.04.25"]
[Round "5"]
[White "Tomashevsky, Evgeny"]
[Black "Riazantsev, Alexander"]
[Result "1-0"]
[WhiteTitle "GM"]
[BlackTitle "GM"]
[WhiteElo "2707"]
[BlackElo "2679"]
[WhiteFideId "4147235"]
[BlackFideId "4125029"]
[EventDate "2011.04.25"]

1. c4 Nf6 2. Nc3 e6 3. e4 d5 4. e5 d4 5. exf6 dxc3 6. bxc3 Qxf6 7. d4 b6 8. Be2
Bb7 9. Bf3 Bxf3 10. Nxf3 Bd6 11. Qa4+ c6 12. O-O O-O 13. Rb1 Qd8 14. Be3 Qc8 15.
Rxb6 axb6 16. Qxa8 Nd7 17. Qxc8 Rxc8 18. Rb1 Ra8 19. Rb2 h6 20. h3 Ra3 21. Rc2
Ra4 22. Nd2 f5 23. f3 h5 24. Kf1 Kf7 25. Ke2 h4 26. Kd3 Nf6 27. Rb2 Ra6 28. c5
bxc5 29. Nc4 Bg3 30. dxc5 Nd5 31. Bd4 Nf4+ 32. Ke3 g5 33. Ne5+ Kg8 34. Nd3 Nxd3
35. Kxd3 Kf7 36. Rb7+ Kf8 37. Rb6 Rxa2 38. Rxc6 Rxg2 39. Rxe6 g4 40. fxg4 fxg4
41. hxg4 h3 42. Rh6 h2 43. c6 Bc7 44. Kc4 Rg1 45. Rxh2 1-0

[Event "ch-RUS Rapid"]
[Site "10:00.0-10:10.0"]
[Date "2011.04.25"]
[Round "5"]
[White "Rublevsky, Sergei"]
[Black "Bocharov, Dmitry"]
[Result "1/2-1/2"]
[WhiteTitle "GM"]
[BlackTitle "GM"]
[WhiteElo "2678"]
[BlackElo "2595"]
[WhiteFideId "4115309"]
[BlackFideId "4138716"]
[EventDate "2011.04.25"]

1. e4 c5 2. Nf3 e6 3. c3 Nf6 4. e5 Nd5 5. Bc4 d6 6. d4 cxd4 7. cxd4 Be7 8. O-O
O-O 9. Bd2 dxe5 10. dxe5 b6 11. Qe2 Bb7 12. Nc3 Nxc3 13. Bxc3 Nd7 14. Rac1 Rc8
15. Ba6 Qc7 16. Rfd1 Rfd8 17. h3 h6 18. a3 Ra8 1/2-1/2

[Event "ch-RUS Rapid"]
[Site "Olginka RUS"]
[Date "2011.04.25"]
[Round "5"]
[White "Frolyanov, Dmitry"]
[Black "Inarkiev, Ernesto"]
[Result "1-0"]
[WhiteTitle "GM"]
[BlackTitle "GM"]
[WhiteElo "2610"]
[BlackElo "2674"]
[WhiteFideId "4151976"]
[BlackFideId "4162722"]
[EventDate "2011.04.25"]

1. e4 e5 2. Nf3 Nc6 3. Bb5 a6 4. Ba4 Nf6 5. O-O Be7 6. Re1 b5 7. Bb3 d6 8. c3
O-O 9. h3 Re8 10. d4 Bb7 11. Nbd2 Bf8 12. d5 Nb8 13. Nf1 Nbd7 14. N3h2 h6 15.
Ng3 g6 16. Be3 Nc5 17. Bc2 c6 18. b4 Ncd7 19. dxc6 Bxc6 20. Ng4 Nxg4 21. Qxg4
Nf6 22. Qf3 d5 23. Rad1 Rc8 24. exd5 Bxd5 25. Rxd5 Qxd5 26. Qxf6 Re6 27. Qh4
Qxa2 28. Bb1 Qd5 29. Ne4 Qd8 30. Qxd8 Rxd8 31. Nc5 Red6 32. Bc2 Rc8 33. Ra1 f5
34. f3 Bg7 35. g4 e4 36. Ra3 exf3 37. gxf5 gxf5 38. Kf2 Be5 39. Bxf5 Rf8 40. Be4
h5 41. Nd3 Bf6 42. Bc5 Bh4+ 43. Kf1 Re8 44. Bxd6 Rxe4 45. Bc5 Re2 46. Bf2 Bf6
47. Ne1 Re6 48. Nxf3 Kf7 49. Bd4 Be7 50. Ra2 Bd8 51. Re2 Rh6 52. Ne5+ Kg8 53.
Rg2+ Kf8 54. Rg6 1-0

[Event "ch-RUS Rapid"]
[Site "Olginka RUS"]
[Date "2011.04.25"]
[Round "5"]
[White "Tregubov, Pavel V."]
[Black "Khismatullin, Denis"]
[Result "1-0"]
[WhiteTitle "GM"]
[BlackTitle "GM"]
[WhiteElo "2598"]
[BlackElo "2662"]
[WhiteFideId "4115341"]
[BlackFideId "4142578"]
[EventDate "2011.04.25"]

1. d4 Nf6 2. c4 e6 3. Nf3 d5 4. Nc3 Bb4 5. cxd5 exd5 6. Bg5 h6 7. Bh4 g5 8. Bg3
Ne4 9. Nd2 Nxg3 10. hxg3 c6 11. Qc2 Be6 12. a3 Bxc3 13. Qxc3 Nd7 14. e3 Qe7 15.
Bd3 h5 16. Nf3 O-O-O 17. O-O-O Rh6 18. Kb1 Kb8 19. Rde1 Nb6 20. Qc5 Qf6 21. Qc2
Nc8 22. Ne5 Nd6 23. f3 Qg7 24. f4 f6 25. Nf3 Rg8 26. fxg5 fxg5 27. Ne5 Nf7 28.
Nxf7 Qxf7 29. e4 dxe4 30. Rxe4 Ba2+ 31. Ka1 Bd5 32. Re5 Re6 33. Rhe1 Rxe5 34.
dxe5 Qe7 35. e6 Qd6 36. e7 Re8 37. Qe2 Kc7 38. Qe3 Qf6 39. Qxa7 Rxe7 40. Qa5+
Kd7 41. Rf1 Qd4 42. Bf5+ Be6 43. Bxe6+ Rxe6 44. Qxg5 Kc7 45. Qxh5 Re3 46. Qa5+
Kd7 47. Rf7+ Ke8 48. Rxb7 Qd1+ 49. Ka2 Rxa3+ 1-0

[Event "ch-RUS Rapid"]
[Site "Olginka RUS"]
[Date "2011.04.25"]
[Round "5"]
[White "Alekseev, Evgeny"]
[Black "Nakhapetiane, Pogos"]
[Result "1/2-1/2"]
[WhiteTitle "GM"]
[BlackTitle "FM"]
[WhiteElo "2688"]
[BlackElo "2495"]
[WhiteFideId "4138147"]
[BlackFideId "4166728"]
[EventDate "2011.04.25"]

1. e4 e6 2. d4 d5 3. Nc3 Nf6 4. e5 Nfd7 5. f4 c5 6. Nf3 Nc6 7. Be3 cxd4 8. Nxd4
Bc5 9. Qd2 O-O 10. O-O-O a6 11. Nb3 Bb4 12. Bd3 b5 13. Nd4 Qc7 14. Nxc6 Qxc6 15.
Bd4 Bc5 16. Ne2 b4 17. Rhf1 Qc7 18. Qe3 a5 19. Qh3 g6 20. Qh6 Ba6 21. Rf3 Rfc8
22. Rh3 Nf8 23. g4 Bxd3 24. Rdxd3 a4 25. Kd2 Bxd4 26. Nxd4 Ra5 27. Ke1 Rc5 28.
Rd2 a3 29. b3 Qe7 30. Re2 Rc3 31. Rxc3 Rxc3 32. f5 Nd7 33. f6 Qf8 34. Qf4 Rh3
35. Kf1 Qc5 36. Nf3 Qb5 37. Kf2 Nc5 38. Re1 Ne4+ 39. Kg2 Rxf3 40. Qxf3 Qc5 41.
Qe3 Qf8 42. Qd4 Nc3 43. Ra1 h6 44. Kf3 Qb8 45. h4 Qb5 46. Qd3 Qc6 47. Kf4 d4 48.
Kg3 Qd5 49. Re1 1/2-1/2

[Event "ch-RUS Rapid"]
[Site "Olginka RUS"]
[Date "2011.04.25"]
[Round "5"]
[White "Andreikin, Dmitry"]
[Black "Levin, Evgeny A."]
[Result "1-0"]
[WhiteTitle "GM"]
[BlackTitle "GM"]
[WhiteElo "2686"]
[BlackElo "2472"]
[WhiteFideId "4158814"]
[BlackFideId "4182596"]
[EventDate "2011.04.25"]

1. c4 g6 2. d4 Bg7 3. e4 d6 4. Nc3 Nf6 5. h3 O-O 6. Nf3 e5 7. d5 Nh5 8. Nh2 Qe8
9. Be2 Nf4 10. Bf3 f5 11. g3 Nxh3 12. Bg2 Qf7 13. Qf3 fxe4 14. Nxe4 Qxf3 15.
Nxf3 Na6 16. Nfd2 Nb4 17. Bxh3 Bxh3 18. Rxh3 Nc2+ 19. Kd1 Nxa1 20. b3 a5 21. Bb2
Nxb3 22. axb3 a4 23. bxa4 Rxa4 24. g4 Rf4 25. f3 Rf8 26. Kc2 Rb8 27. Rh1 Ra6 28.
Nc3 c6 29. Rb1 Rc8 30. Kd3 b5 31. cxb5 cxb5 32. Nxb5 Rb6 33. Ba3 Bf8 34. Nc4 Ra6
35. Bxd6 Bxd6 36. Nbxd6 Rf8 37. Ke4 Rf4+ 38. Kxe5 Rxf3 39. Ne4 Rf7 40. d6 Ra4
41. Rb8+ Kg7 42. Rc8 Raa7 43. Ng5 Rf1 44. Ke4 1-0